LEADER 01102nam a2200253 u 4500 001 000000057393 003 CaOOAMICUS 005 20070226120558.0 008 010509s1957 fr u000 u fre u 035 $a10887818 040 $aPUL(R)$bita 245 00$aAutomation et avenir humain /$cJ. Pépin ... [et al.]. 260 $aParis :$bLibrairie Arthème Fayard,$c1957. 300 $a194 p. ;$c20 cm 490 1 $aRecherches et débats du Centre catholique des intellectuels français.$aNouvelle série ;$v20 650 4$aScienza e civiltà.$0(OLS)http://pul/subject/10526 700 1 $aPépin, Jean,$d1924-$0(OLS)http://pul/name/10336 830 0$aRecherches et débats du Centre catholique des intellectuels français.$pNouvelle série ;$v20.$0(OLS)http://pul/title/76825 850 $aPUL 852 $aPUL$W1$xDP2 Religione 1$y63$m60 L 23$j75083$nBK-PRI$qStampati$B75083$CPULBib$Z2$F75083 $82 941 1 $a8 961 $aINV: 49356 996 $6245$aAutomation et avenir humain$9(OLS)http://pul/title/76842 996 $6260$aParis :$bLibrairie Arthème Fayard$9(OLS)http://pul/publisher/54426 LEADER 01415nam a2200325 u 4500 001 000000074368 003 CaOOAMICUS 005 20070226122444.0 008 021204s1994 gw u000 u eng u 020 $a3161462688 035 $a10947433 040 $aPUL$bita 100 1 $aFridrichsen, Anton.$0(OLS)http://pul/name/49320 245 10$aExegetical writings :$ba selection /$cAnton Fridrichsen ; translated and edited by Chris Caragounis and Tord Fornberg. 260 $aTübingen :$bMohr Siebeck,$cc1994. 300 $aix, 314 p. ;$c21 cm 490 1 $aWissenschaftliche Untersuchungen zum Neuen Testament ;$v76 500 $aContiene indice analitico. 504 $aBibliografia in nota. 650 4$aEsegesi biblica.$0(OLS)http://pul/subject/8707 700 1 $aFornberg, Tord.$0(OLS)http://pul/name/49322 700 1 $aCaragounis, Chrys C.,$d1940-$0(OLS)http://pul/name/49321 830 0$aWissenschaftliche Untersuchungen zum Neuen Testament ;$v76.$0(OLS)http://pul/title/8628 850 $aPUL 852 $aPUL$W1$xSL Religione 1$y3$m16 H 76$j95928$nBK-PRI$b $qStampati$B95928$CPULBib$Z2$F95928 $H $81 941 1 $a8 961 $aINV: 89580 996 $6020$a3161462688$9(OLS)http://pul/number/96389 996 $6245$aExegetical writings :$ba selection$9(OLS)http://pul/title/97657 996 $6260$aTübingen :$bMohr Siebeck$9(OLS)http://pul/publisher/52004